000 00668nam a2200193Ia 4500
003 GCL
008 140319s9999 xx 000 0 ara d
040 _aGCL /
_cGCL
082 0 4 _a822.009
_bص ت
100 1 _aصبرى حافظ
245 1 0 _aالتجريب والمسرح : دراسات ومشاهدات فى المسرح الانجليزى المعاصر /
_cصبرى حافظ
260 _a[S.N] :
_bالهيئة المصرية العامة للكتاب ،
_c1984
300 _a214 ص
490 _aدراسات ادبية
_v0
650 0 4 _aالمسرح الانجليزى
650 0 4 _aتاريخ ونقد
650 0 4 _aالمجموعات
942 _2ddc
_cBK
999 _c28477
_d28477